Výdavky na rodinu v podmienkach SR diplomová práca

Na minha lista:
Detalhes bibliográficos
Autor principal: Lakiová, Silvia
Autor Corporativo: Národohospodárska fakulta EU. Katedra sociálneho rozvoja a práce
Outros Autores: Ošková, Silvia, 1979-
Formato: Livro
Idioma:eslovaco
Publicado em: Bratislava 2014
Tags: Adicionar Tag
Sem tags, seja o primeiro a adicionar uma tag!

MARC

LEADER 00000nbm a2200000 4500
001 0193223
005 20161212094723.0
041 0 |a slo 
044 |a SK 
245 1 0 |a Výdavky na rodinu v podmienkach SR  |b diplomová práca  |c Silvia Lakiová ; školiteľ: Silvia Šipikalová 
264 1 |a Bratislava  |c 2014 
300 |a 77 s. 
100 1 |a Lakiová, Silvia 
700 1 |a Ošková, Silvia, 1979- 
710 2 |a Národohospodárska fakulta EU. Katedra sociálneho rozvoja a práce